MARC

LEADER 00000nam0a2200000 4500
001 362305
005 20231102011457.0
035 |a (RuTPU)RU\TPU\retro\19651 
035 |a RU\TPU\retro\19644 
090 |a 362305 
100 |a 20210722d1963 k y0rusy50 ca 
101 0 |a rus 
102 |a RU 
105 |a a z 001zy 
200 1 |a Ускорители и фотоядерные реакции  |e [сборник статей]  |f Академия наук СССР, Физический институт им. П. Н. Лебедева ; отв. ред. Д. В. Скобельцын 
210 |a Москва  |c Изд-во АН СССР  |d 1963 
215 |a 215 с.  |c ил. 
225 1 |a Труды физического института им. П. Н. Лебедева (ФИАН)  |v Т. 19 
320 |a Библиогр. в конце работ 
320 |9 572  |a Библиографический указатель работ сотрудников Лаборатории ускорителей и фотоядерных реакций, 1946-1960 гг.: с. 187-211 
320 |9 572  |a Алфавитный указатель имен и названий: с. 213-215 
606 1 |a Ускорители заряженных частиц  |x (ядерная физика)  |2 stltpush  |3 (RuTPU)RU\TPU\subj\71272  |9 85241 
606 1 |a Фотоядерные реакции  |x Исследование  |2 stltpush  |3 (RuTPU)RU\TPU\subj\64335  |9 81241 
610 1 |a ускорители 
610 1 |a электроны 
610 1 |a фоторождение 
610 1 |a синхротроны 
610 1 |a бетатроны 
610 1 |a излучения 
610 1 |a кривые выходы 
610 1 |a измерения 
675 |a 539.1.07  |v 4 
675 |a 539.172.3  |v 4 
702 1 |a Скобельцын  |b Д. В.  |c российский физик  |f 1892-1990  |g Дмитрий Владимирович  |2 stltpush  |3 (RuTPU)RU\TPU\pers\15052  |4 340  |9 5154 
712 0 2 |a Академия наук СССР  |b Физический институт им. П. Н. Лебедева  |c (Москва)  |2 stltpush  |3 (RuTPU)RU\TPU\col\13766  |9 25779 
801 1 |a RU  |b 63413507  |c 20200914 
801 2 |a RU  |b 63413507  |c 20210722  |g RCR 
942 |c BK